[Event "GER-chT U14"]
[White "Geiger, Markus"]
[Black "Pixa, Richard"]
[Site "Arendsee"]
[Round "6.1"]
[Result "1-0"]
[Date "2009.12.29"]
[WhiteElo "1504"]
[BlackElo "1671"]
[PlyCount "131"]
[EventDate "2009.12.27"]
[EventType "team-swiss"]
[EventRounds "7"]
[EventCountry "GER"]
[SourceTitle "EXT 2022"]
[Source "ChessBase"]
[SourceDate "2021.10.06"]
[SourceVersion "1"]
[SourceVersionDate "2021.10.06"]
[SourceQuality "1"]
[WhiteTeam "Balingen U14"]
[BlackTeam "Treptow"]
[WhiteTeamCountry "GER"]
[BlackTeamCountry "GER"]

1. e4 e6 2. d4 d5 3. exd5 exd5 4. c4 Nf6 5. Nc3 Be7 6. Bd3 dxc4 7. Bxc4 0-0 8. Nge2 Nbd7 9. 0-0 Nb6 10. Bd3 h6 11. Be3 Bd6 12. Rc1 c6 13. Nf4 Re8 14. Qc2 Be6 15. Nxe6 Rxe6 16. Ne4 Nbd5 17. Nxd6 Qxd6 18. Bd2 Rae8 19. h3 Nh5 20. Rfe1 Rxe1+ 21. Rxe1 Rxe1+ 22. Bxe1 Nhf4 23. Bf5 Qe7 24. Kf1 Qf6 25. Qe4 Ne6 26. Qe5 Qxe5 27. dxe5 Ne7 28. Bd3 Nc5 29. Bc4 Ng6 30. Bb4 Nxe5 31. Bxf7+ Kxf7 32. Bxc5 a6 33. Ke2 g6 34. Bd4 Ke6 35. Bxe5 Kxe5 36. Ke3 c5 37. f4+ Kd5 38. g4 b5 39. h4 c4 40. h5 gxh5 41. gxh5 a5 42. a3 b4 43. axb4 axb4 44. f5 Ke5 45. f6 Kxf6 46. Kd4 c3 47. bxc3 b3 48. Kd3 Kg5 49. c4 b2 50. Kc2 b1Q+ 51. Kxb1 Kf5 52. Kc2 Ke6 53. Kd3 Kd6 54. Ke4 Kc5 55. Kf5 Kxc4 56. Kg6 Kd5 57. Kxh6 Ke6 58. Kg7 Ke7 59. h6 Ke6 60. h7 Kf5 61. h8Q Kg5 62. Qf8 Kh5 63. Kf6 Kh4 64. Qg7 Kh3 65. Kf5 Kh4 66. Qg4# 1-0

[Event "GER-chT U14"]
[White "Ruehrmund, Daniel"]
[Black "Geiger, Markus"]
[Site "Arendsee"]
[Round "4.1"]
[Result "1-0"]
[Date "2009.12.28"]
[WhiteElo "1887"]
[BlackElo "1504"]
[PlyCount "83"]
[EventDate "2009.12.27"]
[EventType "team-swiss"]
[EventRounds "7"]
[EventCountry "GER"]
[SourceTitle "EXT 2022"]
[Source "ChessBase"]
[SourceDate "2021.10.06"]
[SourceVersion "1"]
[SourceVersionDate "2021.10.06"]
[SourceQuality "1"]
[WhiteTeam "Bautzen Einheit U14"]
[BlackTeam "Balingen U14"]
[WhiteTeamCountry "GER"]
[BlackTeamCountry "GER"]

1. e4 e5 2. Nf3 Nc6 3. Bb5 Bc5 4. 0-0 Nge7 5. h3 0-0 6. c3 Bb6 7. d4 exd4 8. cxd4 d5 9. e5 Nf5 10. Be3 Nxe3 11. fxe3 f6 12. Nc3 Kh8 13. Bxc6 bxc6 14. exf6 Rxf6 15. Ne5 Qe7 16. Qh5 Ba6 17. Rf4 g6 18. Qh4 Kg7 19. Rxf6 Qxf6 20. Qxf6+ Kxf6 21. Nxc6 Ke6 22. Nb4 Bb7 23. Nd3 Rf8 24. Na4 Kd6 25. Nac5 Bc8 26. Rf1 Rxf1+ 27. Kxf1 c6 28. Kf2 h5 29. Kf3 Bd8 30. Ne5 Bf5 31. Nb7+ Kc7 32. Nxd8 Kxd8 33. Nxc6+ Kc7 34. Ne5 Kd6 35. Kf4 Be4 36. g4 hxg4 37. hxg4 Bb1 38. a3 Ke6 39. Kg5 a5 40. Nxg6 a4 41. Nf4+ Kd6 42. Kf6 1-0

[Event "GER-chT U14"]
[White "Geiger, Markus"]
[Black "Schaller, Fabian"]
[Site "Arendsee"]
[Round "2.1"]
[Result "0-1"]
[Date "2009.12.27"]
[WhiteElo "1504"]
[BlackElo "1515"]
[PlyCount "130"]
[EventDate "2009.12.27"]
[EventType "team-swiss"]
[EventRounds "7"]
[EventCountry "GER"]
[SourceTitle "EXT 2022"]
[Source "ChessBase"]
[SourceDate "2021.10.06"]
[SourceVersion "1"]
[SourceVersionDate "2021.10.06"]
[SourceQuality "1"]
[WhiteTeam "Balingen U14"]
[BlackTeam "Welper SV U14"]
[WhiteTeamCountry "GER"]
[BlackTeamCountry "GER"]

1. e4 e6 2. d4 d5 3. exd5 exd5 4. c4 Bb4+ 5. Nc3 Qe7+ 6. Be3 Nf6 7. Be2 Be6 8. Nf3 Nc6 9. 0-0 dxc4 10. Qc2 0-0 11. Bg5 Rad8 12. Rad1 Bxc3 13. bxc3 h6 14. Bh4 Bd5 15. Rfe1 Qd6 16. Ne5 b5 17. Bg3 Qe6 18. Bf3 Bxf3 19. Nxf3 Qc8 20. a4 a6 21. Ne5 Nxe5 22. Rxe5 c6 23. Bh4 Nd7 24. Ree1 g5 25. Bg3 Rfe8 26. f4 Kg7 27. Rf1 f6 28. fxg5 hxg5 29. Qf5 Rh8 30. Be5 Rh6 31. Bg3 Nb6 32. Qc5 Qb7 33. a5 Nd5 34. Rde1 Qd7 35. Rf3 Rhh8 36. Ref1 Rhf8 37. Qa3 Qe7 38. Qc1 Rde8 39. Re1 Qd8 40. Ref1 Re6 41. Qa3 Qe7 42. Qb2 Re2 43. Qa1 Ne3 44. R1f2 Nc2 45. Rxe2 Qxe2 46. Qf1 Qxf1+ 47. Rxf1 Re8 48. Rc1 Ne3 49. Bd6 Nd5 50. Bg3 Re3 51. Be1 Kg6 52. Kf2 f5 53. Bd2 Rd3 54. Be1 f4 55. g3 Kf5 56. Rc2 Nf6 57. gxf4 gxf4 58. h4 Ng4+ 59. Kg1 f3 60. Bd2 Ke4 61. h5 Nf6 62. h6 Kf5 63. Kf2 Kg4 64. Be3 Rd1 65. Rc1 Ne4# 0-1

[Event "GER-chT U14"]
[White "Geiger, Markus"]
[Black "Boehme, Lasse"]
[Site "Verden"]
[Round "1.2"]
[Result "0-1"]
[Date "2008.12.27"]
[WhiteElo "1213"]
[BlackElo "1512"]
[PlyCount "103"]
[EventDate "2008.12.27"]
[EventType "team-swiss"]
[EventRounds "7"]
[EventCountry "GER"]
[SourceTitle "EXT 2010"]
[Source "ChessBase"]
[SourceDate "2010.11.25"]
[SourceVersion "1"]
[SourceVersionDate "2010.11.25"]
[SourceQuality "1"]
[WhiteTeam "Balingen"]
[BlackTeam "Marmstorf"]
[WhiteTeamCountry "GER"]
[BlackTeamCountry "GER"]

1. e4 e6 2. d4 d5 3. exd5 exd5 4. c4 c6 5. Bf4 Nf6 6. Nc3 Bd6 7. Bg3 0-0 8. Bd3 Re8+ 9. Nge2 dxc4 10. Bxc4 Be6 11. d5 cxd5 12. Nxd5 Bxg3 13. Bb5 Bxf2+ 14. Kxf2 Nxd5 15. Bxe8 Qxe8 16. Rc1 Nc6 17. Nd4 Nxd4 18. Qxd4 Qe7 19. Rhe1 Qf6+ 20. Qxf6 Nxf6 21. a3 Nd5 22. Kf3 Rd8 23. Red1 Bg4+ 24. Kxg4 Ne3+ 25. Kf4 Nxd1 26. Rc7 b6 27. b4 g6 28. Rxa7 Kg7 29. Rb7 Ra8 30. Rxb6 Rxa3 31. g3 Nc3 32. Ke5 Ra2 33. h4 Rd2 34. Rc6 Rd5+ 35. Kf4 Rf5+ 36. Kg4 h5+ 37. Kh3 Nb5 38. Kg2 Kf8 39. Rc5 Rxc5 40. bxc5 Ke7 41. Kf3 Ke6 42. Ke4 f6 43. Kf4 Kd5 44. Ke3 Kxc5 45. Kf4 Kd6 46. Ke4 Ke6 47. Kf4 Nd6 48. g4 hxg4 49. Kxg4 Nf5 50. h5 gxh5+ 51. Kxh5 Nd4 52. Kg4 0-1